ActivEpi companion textbook : (Record no. 74)

000 -LEADER
fixed length control field 01338cam a22003374a 4500
001 - CONTROL NUMBER
control field 12956221
003 - CONTROL NUMBER IDENTIFIER
control field OSt
005 - DATE AND TIME OF LATEST TRANSACTION
control field 20210411112412.0
008 - FIXED-LENGTH DATA ELEMENTS--GENERAL INFORMATION
fixed length control field 021003s2003 nyua b 001 0 eng
010 ## - LIBRARY OF CONGRESS CONTROL NUMBER
LC control number 2002036547
020 ## - INTERNATIONAL STANDARD BOOK NUMBER
International Standard Book Number 0387955747 (softcover : alk. paper)
040 ## - CATALOGING SOURCE
Original cataloging agency DLC
Transcribing agency DLC
Modifying agency DLC
042 ## - AUTHENTICATION CODE
Authentication code pcc
050 00 - LIBRARY OF CONGRESS CALL NUMBER
Classification number RA651
Item number .K545 2003
080 ## - UNIVERSAL DECIMAL CLASSIFICATION NUMBER
Universal Decimal Classification number 616.036.2
Item number K-53
082 00 - DEWEY DECIMAL CLASSIFICATION NUMBER
Classification number 614.4
Edition number 21
100 1# - MAIN ENTRY--PERSONAL NAME
Personal name Kleinbaum, David G.
245 10 - TITLE STATEMENT
Title ActivEpi companion textbook :
Remainder of title a supplement for use with ActivEpi CD-ROM /
Statement of responsibility, etc. David G. Kleinbaum, Kevin M. Sullivan, Nancy D. Barker.
260 ## - PUBLICATION, DISTRIBUTION, ETC.
Place of publication, distribution, etc. New York :
Name of publisher, distributor, etc. Springer,
Date of publication, distribution, etc. c2003.
300 ## - PHYSICAL DESCRIPTION
Extent 518 p. :
Other physical details ill. ;
Dimensions 28 cm.
504 ## - BIBLIOGRAPHY, ETC. NOTE
Bibliography, etc. note Includes bibliographical references and index.
650 #0 - SUBJECT ADDED ENTRY--TOPICAL TERM
Topical term or geographic name entry element Epidemiology.
653 ## - INDEX TERM--UNCONTROLLED
Uncontrolled term ეპიდემიოლოგია
700 1# - ADDED ENTRY--PERSONAL NAME
Personal name Sullivan, Kevin M.
Fuller form of name (Kevin Mark)
700 1# - ADDED ENTRY--PERSONAL NAME
Personal name Barker, Nancy D.
856 42 - ELECTRONIC LOCATION AND ACCESS
Materials specified Publisher description
Uniform Resource Identifier <a href="http://www.loc.gov/catdir/enhancements/fy0817/2002036547-d.html">http://www.loc.gov/catdir/enhancements/fy0817/2002036547-d.html</a>
856 41 - ELECTRONIC LOCATION AND ACCESS
Materials specified Table of contents only
Uniform Resource Identifier <a href="http://www.loc.gov/catdir/enhancements/fy0817/2002036547-t.html">http://www.loc.gov/catdir/enhancements/fy0817/2002036547-t.html</a>
906 ## - LOCAL DATA ELEMENT F, LDF (RLIN)
a 7
b cbc
c orignew
d 1
e ocip
f 20
g y-gencatlg
942 ## - ADDED ENTRY ELEMENTS (KOHA)
Source of classification or shelving scheme
Koha item type Books
Holdings
Withdrawn status Lost status Source of classification or shelving scheme Damaged status Not for loan Permanent location Current location Date acquired Inventory number Full call number Barcode Date last seen Price effective from Koha item type Total Checkouts
          Ken Walker International University Ken Walker International University 11/06/2020 104 616.036.2 K-53 104 11/06/2020 11/06/2020 Books  
          Ken Walker International University Ken Walker International University 12/22/2020 2309 616-036.2 K-53 2309 12/22/2020 12/22/2020 Books  

Powered by Koha